00466nam a2200109Ia 4500008004100000050002300041100003000064245014100094260008600235300002000321521001500341140724s9999 xx 000 0 und d aBF 698b.M672 2014 aMirasol, David Vincent B. aLevel of aggression and self-acceptance profile selected Muntparlas College Students exposed to video games /cDavid Vincent B. Mirasol. aLas Piñas, Philippines :bSouthville International School and Colleges,cc2014. a58 p. :c28 cm. aPsychology